000 00643nam a22002417a 4500
005 20170124105917.0
010 _a226400
020 _c00
035 _a226400
037 _bCen Lib/Ret
040 _aDPL
_bEN
082 _a016
_bSTA
100 _aStaveley. Ronald
_92854
245 _aNotes on subject bibiliography /
_cby Ronald Steveley
246 _b
260 _bAndre Deutsch
_c1962
_aLondon
270 _bLondon
_a 105 Great Russell Street
300 _a144p.
_c18cm(Hb)
500 _aincludes index
650 _aBibliographies
_9901
650 _aSubjects
_x
_92855
942 _2ddc
_cEN
_h016
_mSTA
999 _c122880
_d122880